000 00624nam a2200241Ia 4500
003 OSt
005 20221007065538.0
006 a|||||r|||| 00| 0
007 ta
008 221006b |||||||| |||| 00| 0 eng d
020 _cRs.150/-
024 _a3,916
037 _cTextual
040 _aFLL
_cFLL
_beng
041 _2eng
_aeng
082 _aZ2,5, N9
100 _aTandon Mahesh Prasad
245 0 _aIndian penal code
260 _aFaridabad
_bAllahabad law agency India
_c1999
650 _aIndian penal code
942 _hZ2,5, N9
_cTEXL
_2CC
999 _c1137625
_d1137625